El universo de Posada : estética de la obsolescencia /

Colección que en el nombre mismo anuncia su vocación de rescate historiográfico y visual de hechos diversos de la vida nacional, tanto la pública que se escribe con mayúscula, como la que toca a los sujetos concretos y se expresa en la intimidad y la cercanía. Así, transita del henriquismo y la inte...

Повний опис

Збережено в:
Бібліографічні деталі
Автор: Posada, José Guadalupe (artista)
Співавтор: Archivo General de la Nación (México)
Інші автори: Hiriart, Hugo (autor) (autor), Martínez Assad, Carlos (dirección) (dirección)
Формат: Книга
Мова:Іспанська
Опубліковано: México : Secretaría de Educación Pública : Martín Casillas, 1982, c1982
Серія:(Memoria y Olvido. Imágenes de México ; 8)
Предмети:
Теги: Додати тег
Немає тегів, Будьте першим, хто поставить тег для цього запису!

MARC

LEADER 00000nam^a2200000^a^4500
001 000184869
005 20250521000000.0
009 20260310102130.404
020 |a 968-471-033-X 
037 |a Acervo ITESO - Biblioteca 
041 |a ESP 
082 |a 972.  |b MEM V. 8 
100 |a Posada, José Guadalupe  |e (artista) 
245 1 3 |a El universo de Posada :  |b estética de la obsolescencia /  |c J.G. Posada, H. Hiriart ; dir. de C. Martínez Assad. 
264 4 |a México :  |b Secretaría de Educación Pública :  |b Martín Casillas,  |c 1982, c1982 
300 |a 72 p. 
336 |a texto  |b txt  |2 rdacontenido 
337 |a sin mediación  |b n  |2 rdamedio 
338 |a volumen  |b nc  |2 rdasoporte 
440 1 |a (Memoria y Olvido.  |p Imágenes de México ;  |v 8) 
520 |a Colección que en el nombre mismo anuncia su vocación de rescate historiográfico y visual de hechos diversos de la vida nacional, tanto la pública que se escribe con mayúscula, como la que toca a los sujetos concretos y se expresa en la intimidad y la cercanía. Así, transita del henriquismo y la intervención norteamericana en nuestra Revolución, al surgimiento del Día de la Madre y el nostálgico romanticismo de las tarjetas postales de amor, entre muchos otros temas. 
520 |a José Guadalupe Posada (1852-1913) desempeña un papel fundamental en el desarrollo del grabado en México, primero desde su natal Aguascalientes y, a partir de 1887, desde la Ciudad de México. Estuvo activo de 1871 a 1912. De la calidad estética de su trabajo habla el comentario de Diego Rivera, quien dijo que es comparable al de Goya en ese campo. Pero no fue sólo un excelente artista, sino que además, sus grabados fueron vehículo para hacer una aguda crítica sobre la vida de México del período. El Palacio de Bellas Artes montó una exposición de Posada en 1943, misma que un año después fue presentada con gran éxito en The Art Institute, de Chicago. 
520 |a Hugo Hiriart (1942), escritor mexicano que es reconocido principalmente por su trabajo como dramaturgo y director de teatro, con obras como La ginecomaquia (1972), Casandra (1978), Minotastas y su familia (1981), Intimidad (1984), Ambar (1986), Las palabras de la tribu (1988) y Clotario de Moniax (1991). Entre sus obras de otros géneros se cuentan las novelas Galaor (1972, Premio Xavier Villaurrutia), Cuadernos de Gofa (1981) y La destrucción de todas las cosas (1992); los cuentos infantiles Disertación de las telarañas (1980), El último dodó (1983) y El vuelo de Apolondro (1984) y los ensayos Estética de la obsolescencia: el universo de Posada (1982), Vivir y beber (1987) y Sobre la naturaleza de los sueños (1995). Incursionó como escritor de cine con Niebla (1978), cinta de Diego López, y sus obras teatrales Intimidad y Ambar fueron adaptadas al cine, sin su concurso, en las películas homónimas dirigidas respectivamente por Dana Rotberg y Luis Estrada en 1989 y 1993, pero en este ámbito la trayectoria de Hiriart está ligada sobre todo a la realizadora Guita Schyfter, para quien ha escrito diversos programas de televisión y los guiones de los largometrajes Novia que te vea (1992, Premio Ariel 1994 al mejor guión cinematográfico), Sucesos distantes (1994) y Las caras de la luna (2001). Obtuvo el Premio Nacional de Literatura Juan Ruiz de Alarcón en 1999 y el Premio Nacional de Ciencias y Artes, categoría Lingüística y Literatura, en 2009. 
586 |a Premio Nacional de Ciencias y Artes, categoría Lingüística y Literatura (60°: 2009), ex aequo 
649 |a XX 
650 |a Grabadores Mexicanos 
650 |a Artistas Mexicanos 
650 |a Grabado -  |z México -  |x Historia -  |y Siglo XIX -  |x Tema Principal 
650 |a Grabado -  |z México -  |x Historia -  |y Siglo XX 
650 |a Arte Mexicano -  |y Siglo XIX 
650 |a Arte Mexicano -  |y Siglo XX 
650 |a Arte Mexicano -  |x Historia y Crítica 
650 |a Arte y Sociedad -  |z México 
650 |a Vida Cotidiana -  |z México 
650 |a Posada, José Guadalupe -  |x Tema Principal 
710 |a Archivo General de la Nación (México) 
700 |a Hiriart, Hugo  |e (autor) 
700 |a Martínez Assad, Carlos  |e (dirección) 
910 |a Fondo Julio de la Peña Lomelín 
920 |a Impresos - Libros 
930 |a Arquitectos Jaliscienses 
905 |a 115 
901 |a 0500125858  |b IT1  |c JAL  |u 20250521 
902 |a https://opac.biblio.iteso.mx/vufind/Record/000184869